| 000 | 00859nam a2200301 b 4500 | ||
|---|---|---|---|
| 001 | o00018 | ||
| 003 | DO-SdBPM | ||
| 005 | 20241128110152.0 | ||
| 007 | o00018 | ||
| 008 | 030401s2001 sp ||| ||spa | ||
| 020 | _a8466304010 | ||
| 035 | _a | ||
| 040 |
_a DO-SdBPM _bspa _cBPMSU _e |
||
| 080 | _a | ||
| 082 | 4 |
_a863.5 _bV162p 2001 _222 |
|
| 100 | 1 |
_aValera, Juan _d1824-1905 _4v |
|
| 245 | 1 | 0 |
_aPepita Jiménez / _cJuan Valera ; selección de María Luisa Guardiola; introducción, Guillermo A. Granera Ch. _h |
| 250 | _a | ||
| 260 |
_aMadrid : _bSantillana Ediciones, _c2001 |
||
| 300 |
_a380 p. ; _c21 cm |
||
| 490 | 0 |
_aPunto de lectura _v300/11 |
|
| 590 | _aInventariado, 2024/VM | ||
| 650 | 4 | _aNovela española | |
| 650 | 4 | _aNovela amorosa | |
| 910 | _aVMateo V. Control de calidad. BPMSU | ||
| 942 |
_2ddc _cBK |
||
| 980 |
_a _j _c |
||
| 999 |
_c10554 _d10554 |
||